Datum a čas kvízu
30.5
Celkem bodů
Celkový počet nahraných bodů na tomto kvízu bez doplňovacích otázek.
3.
Pořadí na kvízu
Konečné umístění týmu na tomto kvízu.
Zaznamenané odpovědi
| # | Otázka | Odpověď | Body | Výsledky |
|---|---|---|---|---|
| 1. | Poslanci v pátek odmítli návrh... | tolerance alkoholu u vodáků a cyklistů | 0 | |
| 2. | V sobotu večer způsobil požár... | Manhattan | 1 | |
| 3. | Ve čtvrtek byl zahájen největš... | Vizovice | 1 | |
| 4. | V neděli v 9 hodin začal v Pra... | Karel Gott | 1 | |
| 5. | Napište jména obou finalistek... | Simona Halepová, Serena Williamsová | 0.5 | |
| 6. | V tomto tématu se podíváme na... | (Sherwood) | 1 | |
| 7. | Tato dívka se narodila loupežn... | Ronja | 1 | |
| 8. | V pohádce Princezna Fantaghiró... | Tarabas | 0 | |
| 9. | I když už dávno nevěříme na na... | prstýnky | 0 | |
| 10. | Kdo z našeho výčtu nehrál ve s... | C | 0 |